000 00477 a2200193 4500
001 113155
020 _a9788521317043
041 _apor
090 _aJK [E]
250 _a. ed.
300 _a1 v.(unpaged)
697 _aBears.
700 _aIlustrado por Amanda Enright.
856 _u00000f/00000f6e.jpg
040 _aBR-BrIDEA
_cBR-BrIDEA
245 1 0 _aComo é grande o meu...ursinho
_cIlustrado por Amanda Enright
260 _a[S.l.]
_bZastras
_c2011
942 _cBK
999 _c113155
_d113155